[Event "9th RTU Open 2019"]
[Site "Riga"]
[Date "2019.08.06"]
[Round "3.32"]
[White "Jurcik, Marian"]
[Black "Reizniece-Ozola, Dana"]
[Result "1-0"]
[WhiteElo "2501"]
[BlackElo "2323"]
[Annotator "ChessBase"]
[PlyCount "71"]
[EventDate "2019.08.05"]
[EventType "swiss"]
[EventCountry "LAT"]
[SourceTitle "playchess.com"]
[Source "ChessBase"]
[SourceQuality "1"]
[TimeControl "5400+30"]

1. e4 {[%emt 0:00:00]} g6 {[%emt 0:00:00]} 2. d4 {[%emt 0:00:13]} Bg7 {[%emt 0:00:00]} 3. Nf3 {[%emt 0:00:32]} d6 {[%emt 0:00:29]} 4. Bc4 {[%emt 0:00:41]} Nf6 {[%emt 0:03:23]} 5. Qe2 {[%emt 0:01:09]} d5 {[%emt 0:09:26]} 6. exd5 {[%emt 0:02:59]} O-O {[%emt 0:01:40]} 7. O-O {[%emt 0:01:05]} Nbd7 {[%emt 0:04:43]} 8. Bb3 {[%emt 0:01:27]} Nb6 {[%emt 0:07:23]} 9. c4 {[%emt 0:02:21]} c6 {[%emt 0:03:54]} 10. dxc6 {[%emt 0:05:57]} bxc6 {[%emt 0:00:05]} 11. Nc3 {[%emt 0:03:02]} Ba6 {[%emt 0:06:51]} 12. Re1 {[%emt 0:05:36]} Qc8 {[%emt 0:05:03]} 13. Bg5 {[%emt 0:07:17]} c5 {[%emt 0:03:24]} 14. Qxe7 {[%emt 0:09:44]} cxd4 {[%emt 0:02:58]} 15. Bxf6 {[%emt 0:00:46]} dxc3 {[%emt 0:00:55]} 16. Bxg7 {[%emt 0:00:41]} Kxg7 {[%emt 0:00:01]} 17. Qe5+ {[%emt 0:05:41]} Kg8 {[%emt 0:03:20]} 18. Qxc3 {[%emt 0:03:41]} Bxc4 {[%emt 0:01:23]} 19. Bxc4 {[%emt 0:05:48]} Qxc4 {[%emt 0:00:34]} 20. Qxc4 {[%emt 0:01:12]} Nxc4 {[%emt 0:00:02]} 21. b3 {[%emt 0:00:32]} Nd6 {[%emt 0:02:28]} 22. Rad1 {[%emt 0:01:17]} Rfd8 {[%emt 0:02:32]} 23. g3 {[%emt 0:05:16]} a5 {[%emt 0:01:17]} 24. Rd4 {[%emt 0:03:10]} Kf8 {[%emt 0:07:24]} 25. Re5 {[%emt 0:05:32]} Nb7 {[%emt 0:02:48]} 26. Rf4 {[%emt 0:04:18]} Rd1+ {[%emt 0:03:53]} 27. Kg2 {[%emt 0:00:03]} Nd6 {[%emt 0:02:07]} 28. Ra4 {[%emt 0:03:06]} Nb7 {[%emt 0:03:20]} 29. Rb5 {[%emt 0:01:00]} Ra7 {[%emt 0:00:09]} 30. Ne5 {[%emt 0:04:18]} Rc1 {[%emt 0:03:11]} 31. b4 {[%emt 0:03:33]} Rc2 {[%emt 0:12:53]} 32. bxa5 {[%emt 0:01:54]} Nd6 {[%emt 0:02:32]} 33. Rb6 {[%emt 0:04:45]} Re7 {[%emt 0:02:08]} 34. a6 {[%emt 0:02:33]} Kg7 {[%emt 0:03:40]} 35. a7 {[%emt 0:01:49]} Nc8 {[%emt 0:00:05]} 36. Rc6 {[%emt 0:01:06]} 1-0

[Event "9th RTU Open 2019"]
[Site "Riga"]
[Date "2019.08.06"]
[Round "3.33"]
[White "Heinemann, Josefine"]
[Black "Gagare, Shardul"]
[Result "1-0"]
[WhiteElo "2255"]
[BlackElo "2476"]
[Annotator "ChessBase"]
[PlyCount "129"]
[EventDate "2019.08.05"]
[EventType "swiss"]
[EventCountry "LAT"]
[SourceTitle "playchess.com"]
[Source "ChessBase"]
[SourceQuality "1"]
[TimeControl "5400+30"]

1. e4 {[%emt 0:00:00]} e6 {[%emt 0:00:00]} 2. d4 {[%emt 0:00:00]} d5 {[%emt 0:00:00]} 3. Nd2 {[%emt 0:00:00]} c5 {[%emt 0:00:00]} 4. exd5 {[%emt 0:00:00]} Qxd5 {[%emt 0:00:02]} 5. Ngf3 {[%emt 0:00:00]} cxd4 {[%emt 0:00:05]} 6. Bc4 {[%emt 0:00:04]} Qd8 {[%emt 0:00:41]} 7. O-O {[%emt 0:00:08]} Nc6 {[%emt 0:00:08]} 8. Nb3 {[%emt 0:00:16]} a6 {[%emt 0:00:18]} 9. Nbxd4 {[%emt 0:00:39]} Nxd4 {[%emt 0:00:06]} 10. Nxd4 {[%emt 0:00:04]} Qc7 {[%emt 0:00:05]} 11. Bb3 {[%emt 0:00:15]} Bd6 {[%emt 0:00:13]} 12. Qh5 {[%emt 0:00:47]} Nf6 {[%emt 0:00:05]} 13. Qh4 {[%emt 0:00:04]} Bd7 {[%emt 0:00:04]} 14. Bg5 {[%emt 0:01:14]} O-O-O {[%emt 0:00:07]} 15. Rad1 {[%emt 0:03:25]} h6 {[%emt 0:00:20]} 16. Bxf6 {[%emt 0:00:29]} gxf6 {[%emt 0:00:07]} 17. Rd3 {[%emt 0:02:49]} Kb8 {[%emt 0:00:19]} 18. Rfd1 {[%emt 0:03:30]} Be5 {[%emt 0:17:39]} 19. c3 {[%emt 0:05:46]} Rdg8 {[%emt 0:08:45]} 20. g3 {[%emt 0:06:09]} h5 {[%emt 0:09:35]} 21. Nf3 {[%emt 0:08:06]} Bc6 {[%emt 0:02:08]} 22. Nd4 {[%emt 0:05:39]} Be8 {[%emt 0:16:42]} 23. h3 {[%emt 0:12:07]} f5 {[%emt 0:15:18]} 24. Nf3 {[%emt 0:05:08]} f4 {[%emt 0:07:17]} 25. Qd8+ {[%emt 0:05:40]} Ka7 {[%emt 0:00:06]} 26. Nxe5 {[%emt 0:00:40]} Qxe5 {[%emt 0:00:07]} 27. Qd4+ {[%emt 0:01:09]} Qxd4 {[%emt 0:00:07]} 28. cxd4 {[%emt 0:00:05]} Bb5 {[%emt 0:00:40]} 29. Rc3 {[%emt 0:00:55]} Rh6 {[%emt 0:00:32]} 30. Kh2 {[%emt 0:04:55]} Rf6 {[%emt 0:02:28]} 31. Rd2 {[%emt 0:01:47]} Bc6 {[%emt 0:06:57]} 32. h4 {[%emt 0:03:32]} Rd8 {[%emt 0:06:26]} 33. Rc5 {[%emt 0:01:09]} fxg3+ {[%emt 0:00:34]} 34. Kxg3 {[%emt 0:03:38]} Rg8+ {[%emt 0:06:12]} 35. Rg5 {[%emt 0:00:17]} Rf3+ {[%emt 0:00:27]} 36. Kh2 {[%emt 0:00:05]} Rxg5 {[%emt 0:00:06]} 37. hxg5 {[%emt 0:00:03]} Rf4 {[%emt 0:00:07]} 38. Bd1 {[%emt 0:01:35]} h4 {[%emt 0:00:17]} 39. Kh3 {[%emt 0:01:16]} Kb6 {[%emt 0:02:20]} 40. Bg4 {[%emt 0:01:54]} Bg2+ {[%emt 0:00:18]} 41. Kxh4 {[%emt 0:00:37]} Bf3 {[%emt 0:00:05]} 42. Kg3 {[%emt 0:00:02]} Rxg4+ {[%emt 0:00:05]} 43. Kxf3 {[%emt 0:00:04]} Rxg5 {[%emt 0:00:04]} 44. Rc2 {[%emt 0:00:08]} Ra5 {[%emt 0:02:44]} 45. a3 {[%emt 0:01:42]} Rb5 {[%emt 0:01:08]} 46. b4 {[%emt 0:02:20]} a5 {[%emt 0:00:32]} 47. bxa5+ {[%emt 0:00:06]} Kxa5 {[%emt 0:00:06]} 48. Rc7 {[%emt 0:00:35]} f5 {[%emt 0:00:35]} 49. Re7 {[%emt 0:00:31]} Rb6 {[%emt 0:00:49]} 50. Kf4 {[%emt 0:00:33]} Rd6 {[%emt 0:00:30]} 51. Ke5 {[%emt 0:00:36]} Rd5+ {[%emt 0:00:04]} 52. Kxe6 {[%emt 0:00:04]} Rxd4 {[%emt 0:00:02]} 53. Kxf5 {[%emt 0:01:48]} b5 {[%emt 0:00:09]} 54. Re3 {[%emt 0:01:07]} Rd8 {[%emt 0:01:07]} 55. f4 {[%emt 0:00:12]} Rf8+ {[%emt 0:00:07]} 56. Kg5 {[%emt 0:00:44]} Rg8+ {[%emt 0:00:03]} 57. Kh6 {[%emt 0:00:32]} Rf8 {[%emt 0:00:04]} 58. Rf3 {[%emt 0:02:03]} Ka4 {[%emt 0:00:43]} 59. f5 {[%emt 0:00:10]} Rh8+ {[%emt 0:00:55]} 60. Kg7 {[%emt 0:00:06]} Rh1 {[%emt 0:00:12]} 61. f6 {[%emt 0:00:07]} Rg1+ {[%emt 0:00:16]} 62. Kf8 {[%emt 0:00:18]} Re1 {[%emt 0:02:17]} 63. f7 {[%emt 0:00:05]} Rc1 {[%emt 0:00:21]} 64. Kg7 {[%emt 0:00:06]} Rc7 {[%emt 0:00:09]} 65. Kg8 {[%emt 0:00:04]} 1-0

[Event "9th RTU Open 2019"]
[Site "Riga"]
[Date "2019.08.07"]
[Round "4.1"]
[White "Vishnu Prasanna. V"]
[Black "Kovalenko, Igor"]
[Result "0-1"]
[WhiteElo "2505"]
[BlackElo "2654"]
[Annotator "TA"]
[PlyCount "60"]
[EventDate "2019.08.05"]
[EventType "swiss"]
[EventCountry "LAT"]
[SourceTitle "playchess.com"]
[Source "ChessBase"]
[SourceQuality "1"]

{[%evp 19,60,11,8,8,18,16,23,9,7,2,17,-25,-33,-33,-25,-36,-43,-24,-24,-25,-32,-54,-54,-138,-141,-177,-188,-293,-304,-277,-199,-223,-120,-226,-198,-210,-200,-626,-452,-456,-450,-599,-603]} 1. e4 e5 2. Nf3 Nc6 3. Bb5 a6 4. Ba4 Nf6 5. O-O Be7 6. Re1 b5 7. Bb3 d6 8. c3 O-O 9. d3 Na5 10. Bc2 c5 11. a4 {C90: Closed Ruy Lopez with 7...d6: Early deviations} Bd7 12. Nbd2 Qb8 (12... Nc6 13. h3 h6 14. Nf1 Be6 15. Ne3 Re8 16. Bb3 Bf8 17. Bxe6 fxe6 18. Ng4 b4 19. Nxf6+ Qxf6 {½-½ (29) Le,Q (2715)-Inarkiev,E (2692) Sharjah 2019}) 13. d4 $146 {White has an edge.} ({Predecessor:} 13. Nf1 b4 14. d4 cxd4 15. cxd4 h6 16. b3 Re8 17. h3 Bd8 18. Ng3 Bb6 19. d5 Qa7 {1-0 (41) Perez Mitjans,O (2463)-Roa Alonso,S (2387) San Sebastian 2014}) 13... cxd4 14. cxd4 Rc8 15. Nf1 bxa4 16. Bxa4 Bxa4 17. Rxa4 Nb3 18. Be3 Qb5 19. Ra3 Rab8 20. Ng3 Bf8 21. Nf5 ({Better is} 21. d5 $15) 21... Nxe4 $17 22. dxe5 dxe5 23. Ng5 (23. h3 $142) 23... Nxg5 $19 24. Bxg5 Rc6 25. Be7 g6 (25... Rc1 $19 26. Nh6+ Kh8 27. Nxf7+ {[%mdl 64] Double Attack} Kg8 28. Nh6+ gxh6 29. Qg4+ {[#]} Kf7 $1 {[%mdl 512]} 30. Rxc1 Nxc1 31. Bxf8 Ne2+ {[%mdl 64] Zwischenzug} 32. Kh1 Rxf8) 26. Qg4 (26. Bxf8 $17 Kxf8 27. Qd7) 26... Qd3 27. Bxf8 {[#] aiming for Ne7+.} Qxf5 $40 {[%mdl 128] Black goes for the king.} 28. Qa4 $2 (28. Qxf5 gxf5 29. Be7) 28... Nd4 {Black is clearly winning.} 29. Bh6 g5 30. Bxg5 Qxg5 {Accuracy: White = 27%, Black = 60%.} 0-1

[Event "9th RTU Open 2019"]
[Site "Riga"]
[Date "2019.08.07"]
[Round "4.2"]
[White "Pultinevicius, Paulius"]
[Black "Bauer, Christian"]
[Result "1-0"]
[WhiteElo "2481"]
[BlackElo "2646"]
[Annotator "TA"]
[PlyCount "95"]
[EventDate "2019.08.05"]
[EventType "swiss"]
[EventCountry "LAT"]
[SourceTitle "playchess.com"]
[Source "ChessBase"]
[SourceQuality "1"]

{[%evp 9,95,41,56,56,71,59,60,66,73,47,67,64,79,73,77,72,79,79,75,73,89,62,62,54,78,66,58,56,101,65,70,70,102,87,138,147,141,144,142,145,147,140,138,127,167,162,244,261,253,148,170,153,173,101,108,105,103,95,91,96,95,62,81,74,152,148,147,145,324,333,441,439,454,445,430,305,303,300,689,370,369,368,355,368,496,480,722,722]} 1. d4 Nf6 2. c4 d6 3. Nc3 Bf5 4. g3 e5 5. Nf3 Nc6 6. Bg2 {A53: Old Indian Defence without Nf3} Be7 7. O-O O-O 8. d5 {White is slightly better.} (8. b3 Ne4 9. Nd5 Nf6 10. Bb2 Nxd5 11. cxd5 Nxd4 12. Nxd4 exd4 13. Bxd4 Qd7 14. Rc1 Rfc8 15. Re1 {1-0 (28) Dubov,D (2648)-Pridorozhni,A (2579) Sochi 2016}) 8... Nb8 9. Ne1 Na6 $146 ({Predecessor:} 9... Qc8 10. e4 Bg4 11. Qc2 Nbd7 12. f3 Bh5 13. Be3 Ne8 14. Nd3 Qd8 15. Bh3 {1-0 (28) Barrios Rivas,C-Fuentes Aguila,A Cuba 1998}) 10. e4 Bg4 11. f3 Bd7 12. Nd3 c6 13. Be3 cxd5 14. cxd5 b5 15. b4 Qb8 16. Qd2 Rc8 17. Rfc1 Bd8 18. Qf2 Rc4 19. a3 Qb7 20. Rc2 h6 21. Rac1 Bb6 (21... Rcc8 $142) 22. Bxb6 $16 axb6 23. Nb2 Rcc8 24. Qf1 Nc7 {[#]} 25. Bh3 $1 Bxh3 26. Qxh3 {aiming for Nxb5!} Re8 27. Nb1 Ncxd5 (27... Re7 $142 28. Rc6 Nce8) 28. exd5 $18 Nxd5 {intending ...Ne3.} 29. Re1 (29. Nd1 $18) 29... Rac8 30. Qg2 Nf6 31. Rec1 ({White should play} 31. Rxc8 $18 Rxc8 32. Nd1) 31... Rxc2 $16 32. Rxc2 d5 33. Nd3 d4 34. Rc1 Nd5 35. Nd2 Qa8 36. Qh3 Nc3 (36... Rf8 $142) 37. Re1 f6 38. Qd7 Rf8 $2 {[#]} (38... Qc8 $16 {was called for.} 39. Qxc8 Rxc8) 39. f4 $1 $18 Qxa3 40. fxe5 fxe5 {Threatening ...Qa2.} 41. Qe6+ Kh7 42. Qxe5 Qa2 43. Ne4 Qc4 $2 (43... Qd5 44. Nef2 Qxe5 45. Rxe5 Kg8) 44. Nef2 Nd5 45. Qe4+ Kg8 46. Ne5 Qa2 47. Qxd4 Nxb4 (47... Re8 $142 48. Ra1 Qb3) 48. Nfg4 {Accuracy: White = 71%, Black = 43%.} 1-0

[Event "9th RTU Open 2019"]
[Site "Riga"]
[Date "2019.08.07"]
[Round "4.3"]
[White "Gopal G.N."]
[Black "Laurusas, Tomas"]
[Result "1/2-1/2"]
[WhiteElo "2594"]
[BlackElo "2511"]
[Annotator "ChessBase"]
[PlyCount "67"]
[EventDate "2019.08.05"]
[EventType "swiss"]
[EventCountry "LAT"]
[SourceTitle "playchess.com"]
[Source "ChessBase"]
[SourceQuality "1"]
[TimeControl "5400+30"]

1. e4 {[%emt 0:00:00]} e5 {[%emt 0:00:21]} 2. Nf3 {[%emt 0:00:00]} Nf6 {[%emt 0:00:05]} 3. Nxe5 {[%emt 0:00:00]} d6 {[%emt 0:00:06]} 4. Nf3 {[%emt 0:00:00]} Nxe4 {[%emt 0:00:06]} 5. d4 {[%emt 0:00:44]} d5 {[%emt 0:00:15]} 6. Bd3 {[%emt 0:00:07]} Be7 {[%emt 0:00:09]} 7. O-O {[%emt 0:00:33]} Nc6 {[%emt 0:00:31]} 8. Nbd2 {[%emt 0:04:14]} Bf5 {[%emt 0:02:49]} 9. Re1 {[%emt 0:00:17]} Nxd2 {[%emt 0:00:21]} 10. Qxd2 {[%emt 0:00:11]} Bxd3 {[%emt 0:01:46]} 11. Qxd3 {[%emt 0:00:05]} O-O {[%emt 0:00:27]} 12. c3 {[%emt 0:03:38]} Qd7 {[%emt 0:08:38]} 13. Bf4 {[%emt 0:01:16]} Rfe8 {[%emt 0:10:17]} 14. Re3 {[%emt 0:26:04]} Bd6 {[%emt 0:05:22]} 15. Ng5 {[%emt 0:04:38]} g6 {[%emt 0:00:22]} 16. Bxd6 {[%emt 0:00:21]} Rxe3 {[%emt 0:01:43]} 17. Qxe3 {[%emt 0:00:14]} Qxd6 {[%emt 0:00:38]} 18. Re1 {[%emt 0:01:25]} Qd7 {[%emt 0:28:10]} 19. h4 {[%emt 0:06:20]} Qg4 {[%emt 0:07:02]} 20. g3 {[%emt 0:06:34]} f6 {[%emt 0:00:44]} 21. Nf3 {[%emt 0:01:15]} Rf8 {[%emt 0:01:10]} 22. Kg2 {[%emt 0:04:34]} Rf7 {[%emt 0:01:31]} 23. Qe8+ {[%emt 0:01:33]} Rf8 {[%emt 0:00:06]} 24. Qe2 {[%emt 0:00:13]} a6 {[%emt 0:00:25]} 25. Qd1 {[%emt 0:10:51]} Qd7 {[%emt 0:04:12]} 26. h5 {[%emt 0:03:12]} Ne7 {[%emt 0:01:12]} 27. Nh2 {[%emt 0:03:24]} Nf5 {[%emt 0:01:27]} 28. Qf3 {[%emt 0:00:22]} c6 {[%emt 0:00:47]} 29. Ng4 {[%emt 0:01:09]} Kg7 {[%emt 0:00:38]} 30. Ne3 {[%emt 0:07:39]} Nd6 {[%emt 0:00:48]} 31. Qf4 {[%emt 0:01:30]} Re8 {[%emt 0:02:10]} 32. Ng4 {[%emt 0:07:00]} Nf5 {[%emt 0:00:12]} 33. Rxe8 {[%emt 0:00:54]} Qxe8 {[%emt 0:00:06]} 34. Qc7+ {[%emt 0:00:25]} 1/2-1/2

[Event "9th RTU Open 2019"]
[Site "Riga"]
[Date "2019.08.07"]
[Round "4.4"]
[White "Michalik, Peter"]
[Black "Lobanov, Sergei"]
[Result "1/2-1/2"]
[WhiteElo "2573"]
[BlackElo "2505"]
[Annotator "ChessBase"]
[PlyCount "31"]
[EventDate "2019.08.05"]
[EventType "swiss"]
[EventCountry "LAT"]
[SourceTitle "playchess.com"]
[Source "ChessBase"]
[SourceQuality "1"]
[TimeControl "5400+30"]

1. e4 {[%emt 0:00:00]} c6 {[%emt 0:00:00]} 2. d4 {[%emt 0:00:00]} d5 {[%emt 0:00:00]} 3. e5 {[%emt 0:00:00]} Bf5 {[%emt 0:00:00]} 4. Nf3 {[%emt 0:00:00]} e6 {[%emt 0:00:01]} 5. Be2 {[%emt 0:00:06]} c5 {[%emt 0:02:20]} 6. Be3 {[%emt 0:00:36]} Qb6 {[%emt 0:00:06]} 7. Nc3 {[%emt 0:01:24]} Nc6 {[%emt 0:00:14]} 8. Na4 {[%emt 0:02:51]} Qa5+ {[%emt 0:00:06]} 9. c3 {[%emt 0:01:26]} c4 {[%emt 0:00:05]} 10. O-O {[%emt 0:00:49]} b5 {[%emt 0:01:37]} 11. Nc5 {[%emt 0:00:07]} Bxc5 {[%emt 0:00:07]} 12. dxc5 {[%emt 0:00:04]} Nge7 {[%emt 0:00:06]} 13. b4 {[%emt 0:10:19]} Qa3 {[%emt 0:00:08]} 14. Qc1 {[%emt 0:00:11]} Qxc1 {[%emt 0:00:05]} 15. Rfxc1 {[%emt 0:00:04]} Kd7 {[%emt 0:01:26]} 16. a4 {[%emt 0:00:26]} 1/2-1/2

[Event "9th RTU Open 2019"]
[Site "Riga"]
[Date "2019.08.07"]
[Round "4.5"]
[White "Puranik, Abhimanyu"]
[Black "Mikaelyan, Arman"]
[Result "1-0"]
[WhiteElo "2550"]
[BlackElo "2454"]
[Annotator "ChessBase"]
[PlyCount "105"]
[EventDate "2019.08.05"]
[EventType "swiss"]
[EventCountry "LAT"]
[SourceTitle "playchess.com"]
[Source "ChessBase"]
[SourceQuality "1"]
[TimeControl "5400+30"]

1. e4 {[%emt 0:00:00]} c5 {[%emt 0:02:16]} 2. Nf3 {[%emt 0:00:00]} Nc6 {[%emt 0:00:09]} 3. d4 {[%emt 0:00:00]} cxd4 {[%emt 0:00:08]} 4. Nxd4 {[%emt 0:00:03]} g6 {[%emt 0:00:26]} 5. c4 {[%emt 0:00:54]} Bg7 {[%emt 0:00:15]} 6. Be3 {[%emt 0:00:07]} Nf6 {[%emt 0:00:16]} 7. Nc3 {[%emt 0:00:11]} O-O {[%emt 0:00:21]} 8. Be2 {[%emt 0:00:40]} d6 {[%emt 0:00:27]} 9. O-O {[%emt 0:00:38]} Bd7 {[%emt 0:00:17]} 10. Nc2 {[%emt 0:01:18]} Qa5 {[%emt 0:00:42]} 11. f4 {[%emt 0:09:25]} Rfc8 {[%emt 0:12:12]} 12. c5 {[%emt 0:11:44]} Nb4 {[%emt 0:16:33]} 13. Nd4 {[%emt 0:04:21]} Ne8 {[%emt 0:07:24]} 14. a3 {[%emt 0:11:05]} Nc6 {[%emt 0:02:19]} 15. Nb3 {[%emt 0:07:29]} Qd8 {[%emt 0:00:26]} 16. cxd6 {[%emt 0:03:16]} Nxd6 {[%emt 0:00:18]} 17. e5 {[%emt 0:04:06]} Nf5 {[%emt 0:00:32]} 18. Bf2 {[%emt 0:00:04]} Be6 {[%emt 0:11:30]} 19. Nc5 {[%emt 0:00:45]} Nfd4 {[%emt 0:04:55]} 20. Nxe6 {[%emt 0:07:50]} Nxe6 {[%emt 0:00:29]} 21. Qa4 {[%emt 0:01:26]} Qd2 {[%emt 0:03:49]} 22. Be1 {[%emt 0:06:46]} Qe3+ {[%emt 0:03:53]} 23. Kh1 {[%emt 0:00:11]} Nc5 {[%emt 0:06:36]} 24. Qc4 {[%emt 0:06:02]} Na5 {[%emt 0:01:59]} 25. Qb5 {[%emt 0:01:42]} a6 {[%emt 0:07:57]} 26. Qxa5 {[%emt 0:03:07]} Nb3 {[%emt 0:00:05]} 27. Qd5 {[%emt 0:07:29]} Nxa1 {[%emt 0:00:08]} 28. Qd1 {[%emt 0:02:33]} Rd8 {[%emt 0:03:31]} 29. Qxa1 {[%emt 0:00:08]} Rac8 {[%emt 0:00:11]} 30. Rf3 {[%emt 0:01:14]} Qb6 {[%emt 0:01:14]} 31. h4 {[%emt 0:01:39]} Qc6 {[%emt 0:00:20]} 32. h5 {[%emt 0:01:03]} b5 {[%emt 0:02:13]} 33. hxg6 {[%emt 0:00:05]} hxg6 {[%emt 0:00:09]} 34. Qb1 {[%emt 0:02:20]} Rd7 {[%emt 0:02:04]} 35. Bd3 {[%emt 0:02:51]} e6 {[%emt 0:04:15]} 36. Bh4 {[%emt 0:00:08]} Rd4 {[%emt 0:01:42]} 37. Bg5 {[%emt 0:00:23]} b4 {[%emt 0:00:54]} 38. Ne2 {[%emt 0:00:44]} Rd7 {[%emt 0:01:04]} 39. axb4 {[%emt 0:00:04]} Qa4 {[%emt 0:00:21]} 40. Nc3 {[%emt 0:03:45]} Qxb4 {[%emt 0:00:06]} 41. Bxg6 {[%emt 0:01:06]} Rd2 {[%emt 0:03:16]} 42. Bc2 {[%emt 0:00:57]} Qd4 {[%emt 0:00:23]} 43. Bb3 {[%emt 0:01:01]} Rb8 {[%emt 0:01:57]} 44. Bxe6 {[%emt 0:00:42]} fxe6 {[%emt 0:01:03]} 45. Qg6 {[%emt 0:00:02]} Qb6 {[%emt 0:00:52]} 46. Bf6 {[%emt 0:00:49]} Rd7 {[%emt 0:00:14]} 47. Rg3 {[%emt 0:00:40]} Qb7 {[%emt 0:00:25]} 48. Ne4 {[%emt 0:00:22]} Qa7 {[%emt 0:00:16]} 49. Kh2 {[%emt 0:00:09]} Kf8 {[%emt 0:00:43]} 50. Ng5 {[%emt 0:00:19]} Rb6 {[%emt 0:00:45]} 51. Nh7+ {[%emt 0:00:10]} Kg8 {[%emt 0:00:04]} 52. Bxg7 {[%emt 0:00:09]} Rxg7 {[%emt 0:00:03]} 53. Nf6+ {[%emt 0:00:09]} 1-0

[Event "9th RTU Open 2019"]
[Site "Riga"]
[Date "2019.08.07"]
[Round "4.6"]
[White "Vogel, Roven"]
[Black "Nevednichy, Vladislav"]
[Result "1/2-1/2"]
[WhiteElo "2456"]
[BlackElo "2531"]
[Annotator "ChessBase"]
[PlyCount "116"]
[EventDate "2019.08.05"]
[EventType "swiss"]
[EventCountry "LAT"]
[SourceTitle "playchess.com"]
[Source "ChessBase"]
[SourceQuality "1"]
[TimeControl "5400+30"]

1. d4 {[%emt 0:03:36]} Nf6 {[%emt 0:00:00]} 2. c4 {[%emt 0:00:08]} d6 {[%emt 0:00:00]} 3. Nc3 {[%emt 0:00:08]} g6 {[%emt 0:00:18]} 4. e4 {[%emt 0:00:10]} Bg7 {[%emt 0:00:48]} 5. h3 {[%emt 0:00:15]} O-O {[%emt 0:00:07]} 6. Be3 {[%emt 0:00:07]} e5 {[%emt 0:00:33]} 7. d5 {[%emt 0:00:17]} a5 {[%emt 0:01:15]} 8. g4 {[%emt 0:00:54]} Na6 {[%emt 0:01:34]} 9. Nge2 {[%emt 0:00:14]} Bd7 {[%emt 0:15:09]} 10. Ng3 {[%emt 0:01:38]} c6 {[%emt 0:00:04]} 11. Qd2 {[%emt 0:01:28]} cxd5 {[%emt 0:00:19]} 12. cxd5 {[%emt 0:02:38]} a4 {[%emt 0:01:19]} 13. Nb5 {[%emt 0:03:23]} Bxb5 {[%emt 0:15:01]} 14. Bxb5 {[%emt 0:00:26]} Nc5 {[%emt 0:00:01]} 15. Bd3 {[%emt 0:05:14]} Nxd3+ {[%emt 0:04:13]} 16. Qxd3 {[%emt 0:00:02]} Qa5+ {[%emt 0:00:12]} 17. Qd2 {[%emt 0:04:44]} Rfc8 {[%emt 0:05:33]} 18. Qxa5 {[%emt 0:01:02]} Rxa5 {[%emt 0:00:03]} 19. g5 {[%emt 0:07:44]} Nd7 {[%emt 0:04:29]} 20. Kd2 {[%emt 0:01:29]} Rb5 {[%emt 0:00:49]} 21. Rab1 {[%emt 0:04:44]} h5 {[%emt 0:07:40]} 22. Ne2 {[%emt 0:05:25]} f6 {[%emt 0:07:33]} 23. Nc3 {[%emt 0:05:54]} Rb4 {[%emt 0:00:08]} 24. a3 {[%emt 0:13:03]} Rbc4 {[%emt 0:00:04]} 25. gxf6 {[%emt 0:00:37]} Bxf6 {[%emt 0:00:40]} 26. Kd3 {[%emt 0:00:16]} Rd4+ {[%emt 0:09:56]} 27. Ke2 {[%emt 0:03:24]} Nc5 {[%emt 0:07:01]} 28. Rhg1 {[%emt 0:13:20]} Kh7 {[%emt 0:01:50]} 29. Nb5 {[%emt 0:02:25]} Nxe4 {[%emt 0:01:14]} 30. Nxd4 {[%emt 0:02:01]} exd4 {[%emt 0:00:03]} 31. Rbc1 {[%emt 0:00:07]} Nc5 {[%emt 0:00:51]} 32. Bf4 {[%emt 0:01:14]} d3+ {[%emt 0:00:53]} 33. Kf3 {[%emt 0:03:09]} Rf8 {[%emt 0:02:43]} 34. Kg2 {[%emt 0:00:25]} Bd4 {[%emt 0:03:44]} 35. Bxd6 {[%emt 0:03:57]} Rxf2+ {[%emt 0:00:03]} 36. Kh1 {[%emt 0:00:05]} d2 {[%emt 0:02:41]} 37. Rcd1 {[%emt 0:06:38]} Ne4 {[%emt 0:00:15]} 38. Bb4 {[%emt 0:02:27]} Rf5 {[%emt 0:03:04]} 39. Rg2 {[%emt 0:01:44]} Rxd5 {[%emt 0:01:51]} 40. Rgxd2 {[%emt 0:00:58]} Nxd2 {[%emt 0:00:07]} 41. Rxd2 {[%emt 0:00:03]} Rd8 {[%emt 0:00:13]} 42. Be7 {[%emt 0:02:10]} Re8 {[%emt 0:00:06]} 43. Rxd4 {[%emt 0:01:09]} Rxe7 {[%emt 0:00:02]} 44. Rxa4 {[%emt 0:00:28]} Re1+ {[%emt 0:00:06]} 45. Kg2 {[%emt 0:00:03]} Re2+ {[%emt 0:00:03]} 46. Kg3 {[%emt 0:00:09]} Rxb2 {[%emt 0:00:03]} 47. Rd4 {[%emt 0:01:25]} g5 {[%emt 0:03:50]} 48. a4 {[%emt 0:00:31]} Kg6 {[%emt 0:00:57]} 49. h4 {[%emt 0:00:29]} Rb3+ {[%emt 0:00:50]} 50. Kg2 {[%emt 0:00:02]} g4 {[%emt 0:02:13]} 51. Rd6+ {[%emt 0:00:41]} Kf5 {[%emt 0:00:12]} 52. Rd5+ {[%emt 0:00:42]} Kf4 {[%emt 0:00:06]} 53. Rd4+ {[%emt 0:00:34]} Ke5 {[%emt 0:00:05]} 54. Rc4 {[%emt 0:00:04]} b6 {[%emt 0:00:43]} 55. Rc6 {[%emt 0:00:44]} Rb4 {[%emt 0:01:40]} 56. Kg3 {[%emt 0:00:34]} Rb3+ {[%emt 0:00:26]} 57. Kg2 {[%emt 0:00:02]} g3 {[%emt 0:01:08]} 58. Kh3 {[%emt 0:00:50]} g2+ {[%emt 0:00:56]} 1/2-1/2